000
00288nam a2200133Ia 4500
100
_a
Timoshenko /S./ Young/D.H.
942
_c
BK
654
_a
Engg.Mechanics
245
_a
Engineering Mechanics
260
_b
McGraw Hill
_a
New York
300
_a
478
546
_a
ENGLISH
999
_c
29052
_d
29052